000 00913nam a22002657a 4500
005 20240530110900.0
008 220203s2007 ua a g b 000 0 ara d
017 _a2007/16697
_bمصر. دار الكتب
020 _a9774271998
040 _aEG-CaGPL
_cEG-CaGPL
082 0 4 _221
_a303.482/
_bم ن
100 0 _aمحمد ابو الخير
245 1 2 _aالنجاح والتميز فى ظل العولمة /
_cمحمد ابو الخير
250 _aط.1
260 _aالقاهرة :
_bالدار المصرية اللبنانية،
_c2008.
300 _a103 ص. :
_bصور ؛
_c19 سم.
490 0 _aشبابنا امالنا.
504 _aيشتمل على ارجاعات ببليوجرافية
650 0 7 _2qrmak
_aالنجاح
650 0 7 _2qrmak
_aالتميز
650 0 7 _2qrmak
_aالعولمة
651 _2qrmak
942 _2ddc
_cBK
999 _c66112
_d66112